| 000 | 00511nam a2200193 a 4500 | ||
|---|---|---|---|
| 001 | 2606 | ||
| 003 | CDMR | ||
| 005 | 20131128172402.0 | ||
| 008 | 130130s1986||||||||||||||||||||||||||||d | ||
| 020 | _a8475094007 | ||
| 040 |
_aCDMR _bcat _cCDMR |
||
| 100 | 1 |
_aBarthes, Roland _9877 |
|
| 245 | 1 | 3 |
_aLo obvio y lo obtuso _cRoland Barthes |
| 260 |
_aBarcelona _c1986 _bPaidós |
||
| 650 | 0 | 4 |
_91282 _aSemiòtica |
| 650 | 0 | 4 |
_93416 _aCrítica literària |
| 650 | 0 | 4 |
_91460 _aSociologia de la comunicació |
| 942 |
_cMON _2udc |
||
| 999 |
_c2606 _d2606 |
||